| 000 | 00373 a2200109 4500 | ||
|---|---|---|---|
| 020 | _a0070397325 (acid-free paper) | ||
| 082 | _a551.48 MAI | ||
| 100 | _aMaidment, David R. | ||
| 245 |
_aHandbook of hydrology / _cDavid R. Maidment, editor in chief. |
||
| 260 |
_aNew York : _bMcGraw-Hill, _c1993. |
||
| 300 |
_a1 v. (various pagings) : _bill., maps ; _c24 cm. |
||
| 650 |
_aHydrology _xHandbooks, manuals, etc. |
||
| 999 |
_c2016 _d2016 |
||